| 000 | 01268cam a2200325 i 4500 | ||
|---|---|---|---|
| 999 |
_c2725 _d2725 |
||
| 003 | OSt | ||
| 005 | 20201118100857.0 | ||
| 008 | 140828s2014 enk b 001 0 eng | ||
| 020 | _a9781472424457 | ||
| 020 | _z9781472424464 | ||
| 020 | _z9781472424471 | ||
| 040 |
_cKABLIB _dKABLIB |
||
| 042 | _apcc | ||
| 043 | _ae-uk-en | ||
| 082 | 0 | 0 |
_a822.30 _223 _bSTA |
| 100 | 1 |
_aStanev, Hristomir A. _97360 |
|
| 245 | 1 | 0 |
_aSensory Experience and the Metropolis on the Jacobean Stage (1603-1625) / _cHristomir A. Stanev. |
| 260 |
_aEngland : _bAshgate Publishing Company ; _cc2014. |
||
| 264 | 1 |
_aFarnham, Surrey, England ; _aBurlington, VT : _bAshgate, _c[2014] |
|
| 300 |
_ax, 213 p. : _c24 cm. |
||
| 490 | 0 | _aStudies in performance and early modern drama | |
| 500 | _aIncludes : Bibliography | ||
| 501 | _aIncludes : Index | ||
| 504 | _aIncludes bibliographical references (pages 185-202) and index. | ||
| 650 | 0 |
_aEnglish drama _y17th century _xHistory and criticism. _97361 |
|
| 650 | 0 |
_aSenses and sensation in literature. _97362 |
|
| 650 | 0 |
_aLiterature and society _zEngland _xHistory _y17th century. _97363 |
|
| 942 |
_2ddc _cBOOK |
||